000 00674nam a2200289Ia 4500
005 20260324142918.0
008 008 260324s9999 xx 000 0 eng d
020 _a9780429236839
037 _aEBOOK
040 _aCRL
040 _beng
040 _cCRL
041 _2eng
041 _aeng
084 _qCRL
100 _aWendy Leeds-Hurwitz
_91195003
245 0 _aSemiotics and Communication
245 0 _bSigns, Codes, Cultures
260 _bTaylor and Francis
260 _c1993
365 _a
365 _b200
856 _uhttp://www.taylorfrancis.com/books/9780429236839
942 _cEBOOK
999 _c1818463
_d1818463